00508 2200205 4500001002100000005001500021035002000036008004100056245006200097100001800159250000600177260003600183300001100219084001400230082000800244650001400252990001200266990001200278990001200290INLIS00000000000029320240503073217 a0010-0424000269240503 0 ind 1 aIndonesia di Pertemuan 3 Lempeng Tektonik /cEni Anjayani aAnjayani, Eni a1 aJakarta :bCempaka Putih,c2015 a68 hlm a900 ENI i a900 4aNon Fiksi a0728811 a0728812 a0728813